If you will ask / (Record no. 5441)

MARC details
000 -LEADER
fixed length control field 01034cam a2200265 a 4500
001 - CONTROL NUMBER
control field 1163540
003 - CONTROL NUMBER IDENTIFIER
control field GBCCL
005 - DATE AND TIME OF LATEST TRANSACTION
control field 20241126110542.0
008 - FIXED-LENGTH DATA ELEMENTS--GENERAL INFORMATION
fixed length control field 960726r19961989miu 000 0 eng
010 ## -
-- 96033345
020 ## - INTERNATIONAL STANDARD BOOK NUMBER
International Standard Book Number 0929239067
040 ## - CATALOGING SOURCE
Original cataloging agency DLC
Transcribing agency DLC
Modifying agency DLC
050 00 -
-- BV215
-- .C513 1996
082 00 - DEWEY DECIMAL CLASSIFICATION NUMBER
Classification number 248.32
Edition information 20
Item number CHA
100 1# - MAIN ENTRY--PERSONAL NAME
Personal name Chambers, Oswald,
Dates associated with a name 1874-1917.
9 (RLIN) 6630
245 10 - TITLE STATEMENT
Title If you will ask /
Statement of responsibility, etc. Oswald Chambers.
260 ## - PUBLICATION, DISTRIBUTION, ETC.
Place of publication, distribution, etc. Grand Rapids, MI. :
Name of publisher, distributor, etc. Discovery House Publishers,
Date of publication, distribution, etc. [1996], c1989.
300 ## - PHYSICAL DESCRIPTION
Extent 96 p. ;
Dimensions 20 cm.
650 #0 - SUBJECT ADDED ENTRY--TOPICAL TERM
Topical term or geographic name entry element Prayer
General subdivision Christianity.
9 (RLIN) 227
856 42 - ELECTRONIC LOCATION AND ACCESS
Materials specified Contributor biographical information
Uniform Resource Identifier <a href="http://www.loc.gov/catdir/enhancements/fy0907/96033345-b.html">http://www.loc.gov/catdir/enhancements/fy0907/96033345-b.html</a>
856 42 - ELECTRONIC LOCATION AND ACCESS
Materials specified Publisher description
Uniform Resource Identifier <a href="http://www.loc.gov/catdir/enhancements/fy0907/96033345-d.html">http://www.loc.gov/catdir/enhancements/fy0907/96033345-d.html</a>
906 ## - LOCAL DATA ELEMENT F, LDF (RLIN)
a 7
b cbc
c orignew
d 1
e ocip
f 19
g y-gencatlg
942 ## - ADDED ENTRY ELEMENTS (KOHA)
Source of classification or shelving scheme Dewey Decimal Classification
Koha item type Books
Holdings
Withdrawn status Lost status Source of classification or shelving scheme Damaged status Not for loan Home library Current Library Shelving location Date acquired Total checkouts Full call number Barcode Date last seen Copy number Price effective from Koha item type
    Dewey Decimal Classification     GRACE BIBLE COLLEGE GRACE BIBLE COLLEGE Ministry & Mission 2018-03-19   248.32 CHA 009563 2025-05-01 c.1 2018-03-19 Books
© Grace Bible College Library 2025